[Event "Mislata op 54th"]
[Site "Mislata"]
[Date "2021.08.17"]
[Round "2"]
[White "Kovacevic, Slobodan"]
[Black "Benlloch Guirau, Alvaro"]
[Result "1-0"]
[WhiteElo "2225"]
[BlackElo "1891"]
[PlyCount "74"]
[EventDate "2021.08.16"]
[EventType "swiss"]
[EventRounds "9"]
[EventCountry "ESP"]
[SourceTitle "CBM 203 Extra"]
[Source "ChessBase"]
[SourceDate "2021.09.30"]
[SourceVersion "1"]
[SourceVersionDate "2021.09.30"]
[SourceQuality "1"]

1. d4 Nf6 2. Nf3 g6 3. Bg5 Bg7 4. Nbd2 d5 5. c3 0-0 6. e3 c5 7. Be2 Nbd7 8. 0-0 Qa5 9. a4 Re8 10. Nb3 Qb6 11. a5 Qc6 12. Nbd2 e5 13. Qb3 a6 14. Rfc1 b5 15. axb6 Rb8 16. dxe5 Rxb6 17. Qa2 Nxe5 18. Nxe5 Rxe5 19. Bf4 Re8 20. Bf3 Bg4 21. Nc4 Bxf3 22. Nxb6 Be2 23. b4 Bd3 24. bxc5 Qxc5 25. Na4 Qa5 26. Qd2 Qb5 27. Nb2 Bf5 28. Nd1 Ne4 29. Qa2 Nc5 30. Qxd5 Be4 31. Qa2 Nb3 32. Rcb1 Bd5 33. Qxa6 Qd7 34. Qa4 Qe6 35. f3 Nc5 36. Qb5 Nb3 37. Ra6 Qf5 1-0

[Event "Alzira Chrismas 7th"]
[Site "Alzira"]
[Date "2017.12.29"]
[Round "6.7"]
[White "Benlloch Guirau, Alvaro"]
[Black "Fernandez Sanchez, Vicente"]
[Result "1/2-1/2"]
[WhiteElo "1866"]
[BlackElo "1635"]
[PlyCount "106"]
[EventDate "2017.12.27"]
[EventType "swiss"]
[EventRounds "8"]
[EventCountry "ESP"]
[SourceTitle "EXT 2024"]
[Source "ChessBase"]
[SourceDate "2023.10.10"]
[SourceVersion "1"]
[SourceVersionDate "2023.10.10"]
[SourceQuality "1"]

1. d4 e6 2. Nf3 Nf6 3. c4 b6 4. g3 Bb7 5. Bg2 Be7 6. 0-0 c5 7. dxc5 Bxc5 8. Nc3 0-0 9. Bg5 h6 10. Bf4 Nh5 11. Bd6 Bxd6 12. Qxd6 Qc8 13. Rac1 Na6 14. Rfd1 Nf6 15. Nb5 Nc5 16. Qd4 Nce4 17. Ne5 Rd8 18. f3 d6 19. Nxf7 Kxf7 20. fxe4 e5 21. Nxd6+ Kf8 22. Nxc8 exd4 23. Nd6 Rxd6 24. e5 Bxg2 25. Kxg2 Re6 26. exf6 Rxe2+ 27. Kf3 Rxb2 28. fxg7+ Kxg7 29. Rxd4 Rf8+ 30. Kg4 Rxh2 31. a4 Rf6 32. Rf4 Rxf4+ 33. gxf4 Ra2 34. c5 bxc5 35. Rxc5 Rxa4 36. Rc7+ Kf8 37. Rh7 Ra6 38. f5 Kg8 39. Rc7 Ra1 40. Kh5 a5 41. Kxh6 a4 42. Kg6 Rg1+ 43. Kf6 a3 44. Ra7 Ra1 45. Ra8+ Kh7 46. Kf7 a2 47. f6 Kh6 48. Ra5 Rb1 49. Rxa2 Rb7+ 50. Ke8 Rb8+ 51. Kd7 Kg6 52. Rf2 Kf7 53. Kc7 Rb1 1/2-1/2

[Event "Xativa Murta op 3rd"]
[Site "Xativa"]
[Date "2017.07.21"]
[Round "6"]
[White "Nicolas Zapata, Javier"]
[Black "Benlloch Guirau, Alvaro"]
[Result "1-0"]
[WhiteElo "2171"]
[BlackElo "1858"]
[PlyCount "27"]
[EventDate "2017.07.17"]
[EventType "swiss"]
[EventRounds "7"]
[EventCountry "ESP"]
[SourceTitle "CBM 179 Extra"]
[Source "ChessBase"]
[SourceDate "2017.08.23"]
[SourceVersion "1"]
[SourceVersionDate "2017.08.23"]
[SourceQuality "1"]

1. e4 b6 2. d4 Bb7 3. Bd3 e6 4. Qe2 a6 5. f4 d6 6. Nf3 Nd7 7. 0-0 Ne7 8. Nc3 c5 9. f5 e5 10. dxe5 dxe5 11. Bc4 h6 12. Rd1 Qc7 13. Bxf7+ Kxf7 14. Rxd7 1-0

[Event "Provincial-ch Xativa Primera"]
[Site "Xativa"]
[Date "2012.11.24"]
[Round "7"]
[White "Benlloch Guirau, Alvaro"]
[Black "Cerda Revert, Jose Maria"]
[Result "0-1"]
[WhiteElo "1936"]
[BlackElo "1737"]
[PlyCount "98"]
[EventDate "2012.10.06"]
[EventType "swiss"]
[EventRounds "7"]
[EventCountry "ESP"]
[SourceTitle "EXT 2024"]
[Source "ChessBase"]
[SourceDate "2023.10.10"]
[SourceVersion "1"]
[SourceVersionDate "2023.10.10"]
[SourceQuality "1"]

1. d4 d5 2. c4 c6 3. Nc3 Nf6 4. Nf3 e6 5. Bg5 Be7 6. e3 h6 7. Bh4 0-0 8. Rc1 Nbd7 9. Bd3 Nh5 10. Bxe7 Qxe7 11. 0-0 Nhf6 12. e4 dxe4 13. Nxe4 Nxe4 14. Bxe4 Nf6 15. Bb1 b6 16. Qc2 Bb7 17. c5 g6 18. Rfe1 bxc5 19. dxc5 Nd5 20. Ne5 Qg5 21. Qe2 h5 22. Kh1 Rac8 23. g3 Rc7 24. Rg1 Kg7 25. Rce1 Rd8 26. h4 Qe7 27. Qc2 f5 28. a3 Nf6 29. Rd1 Rxd1 30. Rxd1 a5 31. Qc4 Nd7 32. Nd3 Nf6 33. Ne5 Nd5 34. Re1 Qf6 35. Qc2 Bc8 36. Qd2 Rb7 37. Nc4 f4 38. Ne5 Rb3 39. Kg2 g5 40. Qc2 a4 41. hxg5 f3+ 42. Kg1 Qf5 43. Qd2 Qh3 44. Nxf3 Rxf3 45. Qd4+ Kg8 46. Qe5 Rf7 47. Re4 Qf5 48. Qd4 Qxg5 49. Re1 Qf6 0-1

[Event "Provincial-ch Xativa Primera"]
[Site "Xativa"]
[Date "2012.11.17"]
[Round "6"]
[White "Benlloch Guirau, Alvaro"]
[Black "Albuixec Sanz, Jorge"]
[Result "1-0"]
[WhiteElo "1936"]
[BlackElo "1868"]
[PlyCount "43"]
[EventDate "2012.10.06"]
[EventType "swiss"]
[EventRounds "7"]
[EventCountry "ESP"]
[SourceTitle "EXT 2024"]
[Source "ChessBase"]
[SourceDate "2023.10.10"]
[SourceVersion "1"]
[SourceVersionDate "2023.10.10"]
[SourceQuality "1"]

1. d4 Nf6 2. c4 e5 3. dxe5 Ng4 4. Nf3 Bc5 5. e3 Nc6 6. Nc3 0-0 7. Be2 Re8 8. 0-0 Ngxe5 9. Ne4 Qe7 10. Qd5 d6 11. Nxc5 dxc5 12. Nxe5 Nxe5 13. Rd1 Bd7 14. f4 Bg4 15. Bxg4 Nxg4 16. Qf3 Qh4 17. h3 Nf6 18. b3 Ne4 19. Bb2 Qe7 20. Rd5 c6 21. Re5 Nd2 22. Qe2 1-0

[Event "Provincial-ch Xativa Primera"]
[Site "Xativa"]
[Date "2012.11.10"]
[Round "5"]
[White "Ferrandis Vila, Joan David"]
[Black "Benlloch Guirau, Alvaro"]
[Result "1/2-1/2"]
[WhiteElo "1844"]
[BlackElo "1936"]
[PlyCount "83"]
[EventDate "2012.10.06"]
[EventType "swiss"]
[EventRounds "7"]
[EventCountry "ESP"]
[SourceTitle "EXT 2024"]
[Source "ChessBase"]
[SourceDate "2023.10.10"]
[SourceVersion "1"]
[SourceVersionDate "2023.10.10"]
[SourceQuality "1"]

1. a3 e6 2. c4 Nf6 3. Nf3 d5 4. d4 Nbd7 5. Nc3 c6 6. e3 Be7 7. Qc2 0-0 8. Bd3 dxc4 9. Bxc4 b5 10. Bd3 a6 11. 0-0 c5 12. b3 Bb7 13. Ng5 h6 14. Nge4 Rc8 15. Qd2 Qc7 16. Bb2 Rfd8 17. Nxf6+ Nxf6 18. dxc5 Qc6 19. f3 Bxc5 20. Qe2 Qb6 21. Rfe1 Bd6 22. Nd1 Qc7 23. h3 Bh2+ 24. Kh1 Nh5 25. Qc2 Qg3 26. Nc3 Qc7 27. f4 Bg3 28. Red1 Bh4 29. Bh7+ Kh8 30. Rxd8+ Rxd8 31. Bd3 Rc8 32. Rc1 Be7 33. b4 Nf6 34. Kg1 Nd5 35. Nxd5 Qxc2 36. Rxc2 Rxc2 37. Bxc2 Bxd5 38. g4 Kg8 39. Kf2 Kf8 40. e4 Bc4 41. e5 Bd5 42. Bd3 1/2-1/2